000 03027cgm a2200649Ia 4500
001 ocn752630607
003 OCoLC
005 20241220131509.0
008 110915s2011 utu102 g vleng d
007 vd cvaizq
040 _aUPZ
_cUPZ
_dBKX
_dUINTA
024 1 0 _a783027008692
028 4 2 _aSKU 5063066
_bExcel Entertainment Group
035 _a(OCoLC)752630607
041 0 _aeng
_jeng
_jspa
_jpor
_jfre
043 _an-usp--
050 4 _aPN1997.2
_b.A16 2011
082 0 4 _a791.43/72
_223
049 _aUCLB
092 _a791.437
245 0 0 _a17 miracles
_h[videorecording] /
_cExcel Entertainment & Remember Films present ; a T.C. Christensen film; written & directed by T.C. Christensen ; producers, Ron Tanner & T.C. Chsistensen.
246 3 _aSeventeen miracles
257 _aUnited States
260 _a[Salt Lake City, Utah] :
_bExcel Entertainment Group,
_cc2011.
300 _a1 videodisc (102 min.) :
_bsd., col. ;
_c4 3/4 in.
538 _aDVD; Dolby Digital 5.1 surround sound; all regions, widescreen (16:9) presentation.
546 _aSoundtrack in English; subtitled in English, Spanish, Potuguese, and French.
546 _aClosed captioned.
500 _aTitle from container.
511 1 _aJasen Wade, Emily Wadley, Tomas Kofod, Nathan Mitchell, Bruce Newbold, Jason Celaya, Natalie Blackman, Travis Eberhard.
508 _aEditor, Tanner Christensen.
500 _aOrginally produced as a feature film in 2011.
521 8 _aPG; for thematic material involving hardships & suffering.
520 _aAs part of the Willie Handcart Company, Levi Savage (Jasen Wade) feared that leaving late in the season would lead to despair and death. What he came to find out is that for every tragedy, there is a multitude of miracles. Based on actual events.
500 _aSpecial features: Theatrical trailer; deleted scenes; 17 Miracles trivia; "Making Miracles" featurette; expanded credits features additional archival photos; audio commentary; other films by T.C. Christensen.
610 2 0 _aJames G. Willie Emigrating Company
_vDrama.
_96227828
650 0 _aMormon handcart companies
_vDrama.
_96514319
650 0 _aMormon pioneers
_vDrama.
_96508351
650 0 _aFrontier and pioneer life
_zWest (U.S.)
_vDrama.
_95745852
651 0 _aMormon Pioneer National Historic Trail
_vDrama.
_96514320
655 7 _aFeature films.
_2lcgft
_96227832
655 7 _aFiction films.
_2lcgft
_96227833
655 7 _aChristian films.
_2lcgft
_95689231
655 7 _aHistorical films.
_2lcgft
_96227834
655 7 _aWestern films.
_2lcgft
_96227835
655 7 _aVideo recordings for the hearing impaired.
_2lcgft
_96227836
700 1 _aKofod, Tomas Ambt.
_96227837
700 1 _aMitchell, Nathan.
_96187564
700 1 _aNewbold, Bruce.
_976568
700 1 _aChristensen, T. C.
_965868
700 1 _aTanner, Ron.
_96227838
710 2 _aExcel Entertainment Group.
_95673856
710 2 _aRemember Films (Firm)
_95892537
942 _cDVD
_0407
994 _aC0
_bUINTA
998 _aa147377
999 _c80451
_d80451